|
|
|
|
| LEADER |
00000cam a2200000 a 4500 |
| 001 |
vtls001358187 |
| 003 |
SK-MaSNL |
| 005 |
20260301115006.0 |
| 008 |
240709s1998 xo a gr 0000j slo |
| 015 |
|
|
|a SNBA1999/06-02062
|
| 020 |
|
|
|a 8088789435
|
| 035 |
|
|
|a SNK000311704
|
| 035 |
|
|
|a urn:nbn:sk:snk-amkj1q
|
| 035 |
|
|
|a urn:nbn:sk:snk-am008hnl
|
| 035 |
|
|
|a F847097E-C936-4D10-A44E-5A75FE1C21FB
|
| 040 |
|
|
|a SNK
|b slo
|c SNK
|e AACR2
|
| 041 |
0 |
|
|a slo
|
| 044 |
|
|
|a xo
|c SK
|
| 072 |
|
7 |
|a 821.162.4-3
|x Slovenská próza
|2 konspekt
|
| 080 |
|
|
|a 885.4-3
|2 1981
|
| 080 |
|
|
|a 639.1
|2 1981
|
| 080 |
|
|
|a 821.162.4-32
|2 2011
|
| 080 |
|
|
|a 398.21/639.1
|2 2011
|
| 100 |
1 |
|
|a Strinka, Rudo,
|d 1927-2011
|4 aut
|9 205314
|
| 245 |
1 |
0 |
|a Pod Muránskou planinou
|c Rudo Strinka
|
| 260 |
|
|
|a Bratislava
|b PaRPRESS
|c 1998
|
| 300 |
|
|
|a 136 strán
|b ilustrácie
|c 21 cm
|
| 490 |
1 |
|
|a Poľovníctvo
|
| 655 |
|
7 |
|a slovenské príbehy
|2 SNKPH
|9 70494
|
| 655 |
|
7 |
|a poľovnícke príbehy
|2 SNKPH
|9 70542
|
| 700 |
1 |
|
|a Blanár, Vincent,
|d 1934-
|4 ill
|9 178602
|
| 830 |
|
0 |
|a Poľovníctvo
|9 265415
|
| 852 |
|
|
|a Slovenská národná knižnica
|
| 919 |
|
|
|a 80-88789-43-5
|
| 954 |
|
|
|a beletria pôvodná (slovenská)
|2 lita
|
| 958 |
|
|
|a LX
|
| 999 |
|
|
|c 720555
|d 722485
|
| 952 |
|
|
|a SNK
|b SNK
|y VYP
|7 0
|p 17A1536272
|o snkSC 98072 D1
|i snk2024/12610
|8 7
|0 0
|1 0
|4 0
|d 2024-08-08
|l 0
|r 2026-02-23 21:58:22
|w 2026-02-23
|
| 952 |
|
|
|a SNK
|b SNK
|y PREZ
|7 0
|p 17A0185137
|o snkSC 98072
|i snkKSP 2991/99
|0 0
|1 0
|4 0
|d 1999-03-19
|f 1
|l 0
|r 2025-09-18 00:00:00
|w 2026-02-23
|